Lo scavo a Parma sotto palazzo sanvitale /
Palazzo Sanvitale is located in Parma on the left bank of a stream, on the edge of the northeastern quadrant of the urban layout. The palace and garden fill two blocks, separated almost entirely by a minor decumanus. Ceramic and clay scraps from an underlying pit date the laying out of the decumanus...
مؤلفون آخرون:
التنسيق: كتاب الكتروني
اللغة: Italian
منشور في:
Oxford :
Archaeopress Archaeology,
2023.
سلاسل:
Archaeopress Roman archaeology ;
97.
الموضوعات:
الوصول للمادة أونلاين: Login to view Source Login to view Source
الوسوم: إضافة وسم
رقم الطلب: DG975.P25
| LEADER | 02692nam a2200469 i 4500 | ||
|---|---|---|---|
| 001 | EDZ0003001117 | ||
| 003 | StDuBDS | ||
| 005 | 20230412183502.0 | ||
| 006 | m|||||o||d|||||||| | ||
| 007 | cr ||||||||||| | ||
| 008 | 230227s2023 enka fob 000|0|ita|d | ||
| 020 | |a 9781803274089 (PDF ebook) : |c No price | ||
| 040 | |a StDuBDS |b eng |c StDuBDS |e rda |e pn | ||
| 041 | 0 | |a ita |b eng | |
| 050 | 4 | |a DG975.P25 | |
| 082 | 0 | 4 | |a 937.2641 |2 23 |
| 245 | 0 | 3 | |a Lo scavo a Parma sotto palazzo sanvitale / |c a cura di Mirella Marini Calvani ; con la collaborazione di Caterina Calvani. |
| 264 | 1 | |a Oxford : |b Archaeopress Archaeology, |c 2023. | |
| 300 | |a 1 online resource (viii, 215 pages) : |b illustrations (black and white). | ||
| 336 | |a text |2 rdacontent | ||
| 336 | |a still image |2 rdacontent | ||
| 337 | |a computer |2 rdamedia | ||
| 338 | |a online resource |2 rdacarrier | ||
| 490 | 1 | |a Archaeopress Roman archaeology ; |v 97 | |
| 500 | |a Also issued in print: 2023. | ||
| 504 | |a Includes bibliographical references. | ||
| 520 | 8 | |a Palazzo Sanvitale is located in Parma on the left bank of a stream, on the edge of the northeastern quadrant of the urban layout. The palace and garden fill two blocks, separated almost entirely by a minor decumanus. Ceramic and clay scraps from an underlying pit date the laying out of the decumanus towards the end of the 3rd century BC. In the south block, residential buildings recall the housing scenarios of the eastern Cispadana. To the east, a mixtilinear building dates to the 4th century AD. In the other block, superimposed on a primitive housing phase, the remains of a bathhouse dating to the second half of the 2nd century AD are outlined. During the Theoderican age, residential buildings, one of which seals the remains of a mill, filled both blocks. This title is accompanied by essays on the materials from the excavations. | |
| 521 | |a Specialized. | ||
| 546 | |a Text in Italian with an abstract in English. | ||
| 588 | |a Description based on online resource; title from PDF title page (viewed on March 8, 2023). | ||
| 610 | 2 | 0 | |a Palazzo Sanvitale (Parma, Italy) |
| 651 | 0 | |a Parma (Italy) |x Antiquities. | |
| 651 | 0 | |a Classical antiquities. | |
| 650 | 0 | |a Excavations (Archaeology) |z Italy |z Parma. | |
| 700 | 1 | |a Marini Calvani, Mirella, |e editor. | |
| 776 | 0 | 8 | |i Print version : |z 9781803274072 |
| 830 | 0 | |a Archaeopress Roman archaeology ; |v 97. | |
| 856 | 4 | 0 | |u https://doi.org/10.332028/9781803274072 |
| 856 | 4 | 0 | |u http://library.arce.org:8087/Archaeopress/Products/9781803274072 |
| 942 | |2 lcc |c EBOOK | ||
| 952 | |0 0 |1 0 |4 0 |6 DG0975 P25 |7 1 |9 47027 |a ARCH |b ARCH |d 2023-04-12 |l 0 |o DG975.P25 |r 2023-04-12 00:00:00 |w 2023-04-12 |y EBOOK | ||
| 999 | |c 52685 |d 52685 | ||
